Airport Engineering (Planning and Design) (Record no. 55305)

MARC details
000 -LEADER
fixed length control field 00419nam a2200169Ia 4500
008 - FIXED-LENGTH DATA ELEMENTS--GENERAL INFORMATION
fixed length control field 230524s9999 xx 000 0 und d
020 ## - INTERNATIONAL STANDARD BOOK NUMBER
ISBN 9788123915500
082 ## - DEWEY DECIMAL CLASSIFICATION NUMBER
Classification number 629.136
Item number SAX
100 ## - MAIN ENTRY--AUTHOR NAME
Personal name Subhash C.Saxena
245 #0 - TITLE STATEMENT
Title Airport Engineering (Planning and Design)
250 ## - EDITION STATEMENT
Edition statement 1
260 ## - PUBLICATION, DISTRIBUTION, ETC. (IMPRINT)
Place of publication New Delhi
Name of publisher CBS
Year of publication 2015
300 ## - PHYSICAL DESCRIPTION
Number of Pages "xxii,365p;"
500 ## - GENERAL NOTE
General note Quantity Number: 2
650 ## - SUBJECT ADDED ENTRY--TOPICAL TERM
Topical Term Civil
942 ## - ADDED ENTRY ELEMENTS (KOHA)
Koha item type Books
Holdings
Lost status Damaged status Permanent Location Current Location Shelving location Date acquired Full call number Accession Number Koha item type
    Central Library, Trident Academy of Technology Central Library, Trident Academy of Technology General Stacks 05/24/2023 629.136 SAX 52889 Books
    Central Library, Trident Academy of Technology Central Library, Trident Academy of Technology General Stacks 05/24/2023 629.136 SAX 52890 Books
Trident Academy of Technology © 2023.
All rights reserved.                                                                                                                                                                                                        Designed by Team of Central Library .

Powered by Koha